000 00189 a2200097 4500
020 _a7806611000483
041 _aspa
100 _aLondon Jack
245 _ala llamada de la selva
942 _cBK
999 _c8270
_d8270